| 000 | 00605nam a2200229Ia 4500 | ||
|---|---|---|---|
| 008 | 160803s9999 xx 000 0 und d | ||
| 020 | _a 9780590459136 | ||
| 100 | _aHaskins, Jim | ||
| 245 | _aBlack eagles : | ||
| 245 | _bAfrican Americans in aviation / | ||
| 245 | _cJim Haskins. | ||
| 260 | _aNew York : | ||
| 260 | _bScholastic Inc. | ||
| 260 | _c1995 | ||
| 300 | _a196 pages : | ||
| 300 | _billustrations ; | ||
| 300 | _c22 cm | ||
| 650 | _aAfrican Americans in aeronautics -- | ||
| 650 | _aAfrican Americans in aeronautics. | ||
| 650 | _xJuvenile literature. | ||
| 700 | _a1160 | ||
| 999 |
_c298618 _d298618 |
||